000 00605nam a2200229Ia 4500
003 OSt
005 20220923230343.0
006 a|||||r|||| 00| 0
007 ta
008 Pun
024 _a279,734
037 _cTextual
040 _aARTS
_cARTS
_bPun
041 _2Pun
_aPun
082 _aO153,1NK03x, M2
100 _aਕੋਮਲ, ਦਾਨ ਸਿੰਘ
245 0 _aਰਤੇ ਇFਕ ਖੁਦਾਇ
260 _c1982
650 _aਪੰਜਾਬੀ ਸਾਹਿਤ
942 _hO153,1NK03x, M2
_cTEXL
_2CC
999 _c384201
_d384201